000 00449nam a2200181Ia 4500
001 16782
005 20260306170336.0
008 260306t2015||||xx |||||||||||||| ||und||
041 _aESP
082 _a657
_bG23
100 _aGarcía Jarufe, Giovanna
_eAUT
245 0 _aGuía de práctica de fundamentos de contabilidad
260 _c2015
300 _a149 páginas :
_c29 cm.
650 _aGEN
654 _aCCO
942 _cLIB
_dJUS
_fJUS
_2ddc
_n
999 _c16782
_d16782